| 000 | 00665nam a2200229 i 4500 | ||
|---|---|---|---|
| 001 | 46977 | ||
| 003 | ES-MaACL | ||
| 005 | 20250803092545.0 | ||
| 007 | t| | ||
| 008 | 030402s1985 sp ||||1| spa d | ||
| 020 | _a84-85762-44-4 | ||
| 080 | _a821.134.2-4"19" | ||
| 100 | 1 |
_aConte, Rafael. _940270 |
|
| 245 | 1 | 0 |
_aRobinson o la imitación del libro / _cRafael Conte. |
| 260 |
_aMadrid : _bTrieste, _c1985. |
||
| 300 |
_a279 p. ; _c17 cm. |
||
| 490 | 1 |
_aBiblioteca de autores españoles ; _v24 |
|
| 830 | 1 | 0 |
_aBiblioteca de autores españoles (Trieste) _v24 _9235635 |
| 852 | 4 |
_aES-MaACL _jL-10950 |
|
| 942 | _2udc | ||
| 999 |
_c46977 _d46977 |
||